| 000 | 00463nam a2200169Ia 4500 | ||
|---|---|---|---|
| 008 | 230917s9999||||xx |||||||||||||| ||und|| | ||
| 020 | _cRS700 | ||
| 040 |
_e227560 _aMAIN |
||
| 041 | _aEnglish | ||
| 082 | _aB E68M:A | ||
| 100 | _aMuley,Gunakar | ||
| 245 | 0 | _aAlbert Einstein:Jeewan krititva va samaj chintan | |
| 260 |
_aNew Delhi _bRajkamal Prakashan _c2014 |
||
| 300 | _a533 p. | ||
| 500 | _a2080 13/08/2015 RKP15/3933 22/08/2015 Main Budget | ||
| 942 | _cBK | ||
| 999 |
_c15505 _d15505 |
||